Reinventing public administration: (Record no. 37793)

MARC details
000 -LEADER
fixed length control field 00750nam a22002057a 4500
005 - DATE AND TIME OF LATEST TRANSACTION
control field 20100726160314.0
010 ## - LCCN (DPL NO)
LC control number ENG-96860
020 ## - INTERNATIONAL STANDARD BOOK NUMBER
International Standard Book Number 9788125031604
Terms of availability 325.00
035 ## - SYSTEM CONTROL NUMBER
System control number EN-80393
037 ## - SOURCE OF ACQUISITION
Source of stock number/acquisition DBAD/PUB
082 ## - DEWEY DECIMAL CLASSIFICATION NUMBER
Classification number 351.54
100 ## - MAIN ENTRY--PERSONAL NAME
Personal name Chakrabarty, Bidyut
245 ## - TITLE STATEMENT
Title Reinventing public administration:
Remainder of title the Indian experience /
Statement of responsibility, etc by Bidyut Chakrabarty
260 ## - PUBLICATION, DISTRIBUTION, ETC. (IMPRINT)
Place of publication, distribution, etc Hyderabad
Name of publisher, distributor, etc Orient Longman
Date of publication, distribution, etc 2007
270 ## - ADDRESS
Address 3-6-752 Himayatnagar, Hyderabad-500029
City Hyderabad
300 ## - PHYSICAL DESCRIPTION
Extent viii, 368p.
Dimensions 22cm (pbk)
500 ## - GENERAL NOTE
General note Includes index
942 ## - ADDED ENTRY ELEMENTS (KOHA)
Source of classification or shelving scheme Dewey Decimal Classification
Item type English Books
Classification part 351.54
Call number suffix CHA
Holdings
Withdrawn status Lost status Not for loan Collection code Home library Current library Date acquired Source of acquisition Cost, normal purchase price Full call number Barcode Copy number Cost, replacement price Koha item type
    Not For Loan Non-fiction D.B.Act.Division D.B.Act.Division 26/07/2010 DBAD/PUB 325.00 351.54 CHA EN-80393 1 325.00 English Books

© Delhi Public Library
Hit Counter
free hit counter